000 00470nam a2200169Ia 4500
005 20250508151714.0
008 008 250505s9999 xx 000 0 eng d
037 _aBooks to be hide in OPAC
040 _aFEDL
_beng
_cFEDL
041 _aeng
_2eng
084 _a321.02, UNI/O
_qFEDL
245 0 _aFederal government and you
260 _aColumbus
_bCharles E Merrill Books
300 _a32p
942 _cHB
_h321.02, UNI/O
999 _c1331563
_d1331563